000 00961cam a22003137a 4500
001 16842617
003 OSt
005 20231125134556.0
008 110624s2011 ii a 001 0 eng
010 _a 2011377566
015 _aGBB077931
_2bnb
016 7 _a015588691
_2Uk
020 _a9780198099307
035 _a(OCoLC)ocn645697970
040 _aUKM
_cUKM
_dYDXCP
_dBUF
_dCDX
_dIUL
_dDLC
042 _alccopycat
050 0 0 _aQA76.9.D35
_bT53 2011
082 0 4 _a005.73
_bTHA/D
100 1 _aThareja, Reema
_99584
245 1 0 _aData structures using C /
_cReema Thareja.
250 _a2nd ed.
260 _aDelhi ;
_aOxford :
_bOxford University Press,
_c2014.
300 _a531 p. :
_bill. ;
_c24 cm.
490 1 _aOxford higher education
650 0 _aData structures (Computer science)
650 0 _aC (Computer program language)
830 0 _aOxford higher education.
942 _2ddc
_cBK
_h005.73
_iTHA/D
_k005.73
_mTHA/D
999 _c43641
_d43641